00193nam a2200085Ia 4500008004100000020001800041082001200059100001900071245001700090220713s9999 xx 000 0 und d a9780795709159 aAF VAND aVAN DEN BERG Z 0aN ANDER MENS